000
00307nam a22001337a 4500
008
170220b xxu||||| |||| 00| 0 eng d
020
_a
9780060551711
041
_a
eng
080
_a
615
100
_a
5
101
_a
SHF
245
_a
THE ESSENTIAL GUIDE TO PRESCRIPTION DRUGS
_c
LONG, J.W
942
_2
udc
_c
BK
999
_c
5886
_d
5886